<?xml version='1.0' encoding='UTF-8'?>
  <record xmlns="http://www.loc.gov/MARC21/slim">
    <leader>00000cam a22000007i 4500</leader>
    <controlfield tag="001">on1356809025</controlfield>
    <controlfield tag="003">OCoLC</controlfield>
    <controlfield tag="005">20250704162402.1</controlfield>
    <controlfield tag="008">230104s1554    be b          001 0 lat d</controlfield>
    <datafield tag="040" ind1=" " ind2=" ">
      <subfield code="a">QGJ</subfield>
      <subfield code="b">eng</subfield>
      <subfield code="e">rda</subfield>
      <subfield code="e">dcrmr</subfield>
      <subfield code="c">QGJ</subfield>
      <subfield code="d">QGJ</subfield>
      <subfield code="d">OCLCA</subfield>
      <subfield code="d">OCLCO</subfield>
      <subfield code="d">OCLCL</subfield>
      <subfield code="d">OCLCQ</subfield>
      <subfield code="d">OCLCL</subfield>
    </datafield>
    <datafield tag="035" ind1=" " ind2=" ">
      <subfield code="a">(OCoLC)1356809025</subfield>
    </datafield>
    <datafield tag="082" ind1="0" ind2="4">
      <subfield code="a">960.2</subfield>
      <subfield code="q">OCoLC</subfield>
      <subfield code="2">22/eng/20230216</subfield>
      <subfield code="1">https://id.oclc.org/worldcat/ddc/E4cYGypRbkxrpxGVfGWXM3qKTM</subfield>
    </datafield>
    <datafield tag="245" ind1="0" ind2="0">
      <subfield code="a">Rerum à Carolo. V. Caesare Augusto in Africa bello gestarum Commentarii, :</subfield>
      <subfield code="b">elegantißimis iconibus ad historiam accommodis illustrati. /</subfield>
      <subfield code="c">Authorum Elenchum, è quorum monumentis hoc Opus constat, sequens pagella indicabit.</subfield>
    </datafield>
    <datafield tag="246" ind1="3" ind2=" ">
      <subfield code="a">Rerum à Carolo. V. Cæsare Avgvsto in Africa bello gestarum commentarij</subfield>
    </datafield>
    <datafield tag="264" ind1=" " ind2="1">
      <subfield code="a">Antverpiae. :</subfield>
      <subfield code="b">Apud Ioan. Bellerum, sub Insigni Falconis.,</subfield>
      <subfield code="c">Anno. M.D.LIIII. [1554]</subfield>
    </datafield>
    <datafield tag="300" ind1=" " ind2=" ">
      <subfield code="a">[8], 183, [9] leaves, [3] folded leaves of plates :</subfield>
      <subfield code="b">maps (woodcuts) ;</subfield>
      <subfield code="c">16 cm (8vo)</subfield>
    </datafield>
    <datafield tag="336" ind1=" " ind2=" ">
      <subfield code="a">text</subfield>
      <subfield code="b">txt</subfield>
      <subfield code="2">rdacontent</subfield>
    </datafield>
    <datafield tag="337" ind1=" " ind2=" ">
      <subfield code="a">unmediated</subfield>
      <subfield code="b">n</subfield>
      <subfield code="2">rdamedia</subfield>
    </datafield>
    <datafield tag="338" ind1=" " ind2=" ">
      <subfield code="a">volume</subfield>
      <subfield code="b">nc</subfield>
      <subfield code="2">rdacarrier</subfield>
    </datafield>
    <datafield tag="340" ind1=" " ind2=" ">
      <subfield code="m">8vo</subfield>
      <subfield code="2">rdabf</subfield>
    </datafield>
    <datafield tag="500" ind1=" " ind2=" ">
      <subfield code="a">Collection of works by J.C. Calvetus Stella, Joannes Etrobius, P. Jovius en N. Villagagnoni. Edited by Cornelius Duplicius Scepper.</subfield>
    </datafield>
    <datafield tag="500" ind1=" " ind2=" ">
      <subfield code="a">Printer's device with motto "In dies arte ac fortuna" on title page.</subfield>
    </datafield>
    <datafield tag="500" ind1=" " ind2=" ">
      <subfield code="a">Initials.</subfield>
    </datafield>
    <datafield tag="500" ind1=" " ind2=" ">
      <subfield code="a">Signatures: []⁸ A-Z⁸ &amp;⁸ (&amp;8 blank).</subfield>
    </datafield>
    <datafield tag="500" ind1=" " ind2=" ">
      <subfield code="a">Folded map inserted between T8 and V1.</subfield>
    </datafield>
    <datafield tag="500" ind1=" " ind2=" ">
      <subfield code="a">Includes index.</subfield>
    </datafield>
    <datafield tag="500" ind1=" " ind2=" ">
      <subfield code="a">Errata on leaf &amp;6v.</subfield>
    </datafield>
    <datafield tag="505" ind1="0" ind2=" ">
      <subfield code="a">(from title page verso) Cornelij Scepperi ... praefatio -- Ioannis Christophori Calueti Stellae ad Carolum v. Caesarem encomium -- Commentarium seu potius diarium expeditionis Tunetanae à Carolo V. ... anno 1535 susceptae / Ioanne Etrobio authore ... -- Pauli Iouij Nouocomensis ... ex Historiarum sui temporis libro XXXIII. fragmentum ... -- Eiusdem ex Historiarum sui temporis libro XXXIIII. de Caroli V. Caesaris in Tunetum expeditione fragmentum -- Caroli V. Caesaris Aug. expeditio in Africam ad Argieram / per Nicolaum Villagagnonem equitem Rhodium ... -- Ioannis Christophori Calueti Stellae De Aphrodisio expugnato, quod vulgò Africam vocant comme[n]tarius ...</subfield>
    </datafield>
    <datafield tag="510" ind1="4" ind2=" ">
      <subfield code="a">Cockx-Indestege, E. Belgica typographica,</subfield>
      <subfield code="c">4151</subfield>
    </datafield>
    <datafield tag="510" ind1="4" ind2=" ">
      <subfield code="a">Short-title catalogue of books printed in the Netherlands and Belgium and of Dutch and Flemish books printed in other countries from 1470 to 1600 now in the British Museum,</subfield>
      <subfield code="c">p. 183</subfield>
    </datafield>
    <datafield tag="600" ind1="0" ind2="0">
      <subfield code="a">Charles</subfield>
      <subfield code="b">V,</subfield>
      <subfield code="c">Holy Roman Emperor,</subfield>
      <subfield code="d">1500-1558.</subfield>
    </datafield>
    <datafield tag="651" ind1=" " ind2="0">
      <subfield code="a">Tunisia</subfield>
      <subfield code="x">History</subfield>
      <subfield code="y">Expedition of Charles V, 1535.</subfield>
    </datafield>
    <datafield tag="651" ind1=" " ind2="0">
      <subfield code="a">Algeria</subfield>
      <subfield code="x">History</subfield>
      <subfield code="y">Expedition of Charles V, 1541.</subfield>
    </datafield>
    <datafield tag="600" ind1="0" ind2="7">
      <subfield code="a">Charles</subfield>
      <subfield code="b">V,</subfield>
      <subfield code="c">Holy Roman Emperor,</subfield>
      <subfield code="d">1500-1558</subfield>
      <subfield code="2">fast</subfield>
      <subfield code="1">https://id.oclc.org/worldcat/entity/E39PBJrrtb7QxXCFgdVBT4dmh3</subfield>
    </datafield>
    <datafield tag="651" ind1=" " ind2="7">
      <subfield code="a">Algeria</subfield>
      <subfield code="2">fast</subfield>
      <subfield code="1">https://id.oclc.org/worldcat/entity/E39QbtfRpBFrVykKjXQhKGYcGB</subfield>
    </datafield>
    <datafield tag="651" ind1=" " ind2="7">
      <subfield code="a">Tunisia</subfield>
      <subfield code="2">fast</subfield>
      <subfield code="1">https://id.oclc.org/worldcat/entity/E39PBJpYDKhMpKjWJkhGCpDpfq</subfield>
    </datafield>
    <datafield tag="647" ind1=" " ind2="7">
      <subfield code="a">Expedition of Charles V</subfield>
      <subfield code="c">(Tunisia :</subfield>
      <subfield code="d">1535)</subfield>
      <subfield code="2">fast</subfield>
      <subfield code="0">(OCoLC)fst01353069</subfield>
      <subfield code="1">https://id.oclc.org/worldcat/entity/E39Qhp4vBbvhWVdK94cVV8kxBX</subfield>
    </datafield>
    <datafield tag="647" ind1=" " ind2="7">
      <subfield code="a">Expedition of Charles V</subfield>
      <subfield code="c">(Algeria :</subfield>
      <subfield code="d">1541)</subfield>
      <subfield code="2">fast</subfield>
      <subfield code="0">(OCoLC)fst01353068</subfield>
      <subfield code="1">https://id.oclc.org/worldcat/entity/E39Qhp4vB9k89dCFwRTBQp78jK</subfield>
    </datafield>
    <datafield tag="648" ind1=" " ind2="7">
      <subfield code="a">1535-1541</subfield>
      <subfield code="2">fast</subfield>
    </datafield>
    <datafield tag="655" ind1=" " ind2="7">
      <subfield code="a">History</subfield>
      <subfield code="2">fast</subfield>
    </datafield>
    <datafield tag="655" ind1=" " ind2="7">
      <subfield code="a">Printers' devices (Printing)</subfield>
      <subfield code="2">rbpri</subfield>
    </datafield>
    <datafield tag="655" ind1=" " ind2="7">
      <subfield code="a">Annotations (Provenance)</subfield>
      <subfield code="2">rbprov</subfield>
    </datafield>
    <datafield tag="700" ind1="1" ind2=" ">
      <subfield code="a">De Schepper, Cornelis,</subfield>
      <subfield code="d">approximately 1502-1555,</subfield>
      <subfield code="e">editor.</subfield>
      <subfield code="4">edt</subfield>
      <subfield code="1">https://id.oclc.org/worldcat/entity/E39PBJbWv99mBTVjhJXwj8Qg8C</subfield>
    </datafield>
    <datafield tag="700" ind1="1" ind2=" ">
      <subfield code="a">Calvete de Estrella, Juan Cristóbal,</subfield>
      <subfield code="d">1510-1593,</subfield>
      <subfield code="e">contributor.</subfield>
      <subfield code="4">ctb</subfield>
      <subfield code="1">https://id.oclc.org/worldcat/entity/E39PBJrgP8q369cbWrTtF6Vt8C</subfield>
    </datafield>
    <datafield tag="700" ind1="1" ind2=" ">
      <subfield code="a">Etrobius, Joannes,</subfield>
      <subfield code="e">contributor.</subfield>
      <subfield code="4">ctb</subfield>
    </datafield>
    <datafield tag="700" ind1="1" ind2=" ">
      <subfield code="a">Giovio, Paolo,</subfield>
      <subfield code="d">1483-1552,</subfield>
      <subfield code="e">contributor.</subfield>
      <subfield code="4">ctb</subfield>
      <subfield code="1">https://id.oclc.org/worldcat/entity/E39PBJpJ9PfkRYH8mKKpW9Btrq</subfield>
    </datafield>
    <datafield tag="700" ind1="1" ind2=" ">
      <subfield code="a">Villegaignon, Nicolas Durand de,</subfield>
      <subfield code="d">1510-1571?,</subfield>
      <subfield code="e">contributor.</subfield>
      <subfield code="4">ctb</subfield>
      <subfield code="1">https://id.oclc.org/worldcat/entity/E39PBJrGv7Y8h67Yfx4yrkwV4q</subfield>
    </datafield>
    <datafield tag="700" ind1="1" ind2=" ">
      <subfield code="a">Beller, Jean,</subfield>
      <subfield code="d">1526-1595,</subfield>
      <subfield code="e">printer.</subfield>
      <subfield code="4">prt</subfield>
      <subfield code="1">https://id.oclc.org/worldcat/entity/E39PBJvXhJJV8TB6mWH3RVcF8C</subfield>
    </datafield>
    <datafield tag="752" ind1=" " ind2=" ">
      <subfield code="a">Belgium</subfield>
      <subfield code="d">Antwerp,</subfield>
      <subfield code="e">publication place.</subfield>
      <subfield code="4">pup</subfield>
    </datafield>
    <datafield tag="758" ind1=" " ind2=" ">
      <subfield code="i">has work:</subfield>
      <subfield code="a">Rerum a Carolo V Caesare Augusto in Africa bello gestarum commentarij, eleganti[ss]imis iconibus ad historiam accommodis illustrati (Text)</subfield>
      <subfield code="1">https://id.oclc.org/worldcat/entity/E39PD3qqk94HmgBBJtvxvjmYk8</subfield>
      <subfield code="4">https://id.oclc.org/worldcat/ontology/hasWork</subfield>
    </datafield>
  </record>